[Event "World Team Championship"]
[Site "Ningbo CHN"]
[Date "2011.07.26"]
[Round "9"]
[White "Efimenko, Zahar"]
[Black "Akopian, Vladimir"]
[Result "1/2-1/2"]
[WhiteElo "2706"]
[BlackElo "2667"]
[PlyCount "85"]
[EventDate "2011.07.17"]

1. e4 e5 2. Nf3 Nc6 3. Bb5 a6 4. Ba4 Nf6 5. d3 d6 6. c3 g6 7. O-O Bg7 8. Re1
O-O 9. Nbd2 h6 10. h3 Re8 11. d4 b5 12. Bc2 Bb7 13. d5 Ne7 14. b3 c6 15. c4 b4
16. dxc6 Nxc6 17. Nf1 Nd4 18. Nxd4 exd4 19. Bb2 Nxe4 20. Bxe4 Bxe4 21. Ng3 Qh4
22. Qd2 Bc6 23. Qxb4 Be5 24. Qd2 Bxg3 25. fxg3 Qxg3 26. Bxd4 Rxe1+ 27. Rxe1
Bxg2 28. Qf2 Qxf2+ 29. Kxf2 Bxh3 30. Rh1 Bc8 31. Rxh6 Kf8 32. Bf6 Ke8 33. Ke3
Kd7 34. Kf4 Bb7 35. Rh8 Rxh8 36. Bxh8 Ke6 37. Kg5 Be4 38. b4 Bd3 39. c5 dxc5
40. bxc5 Bc4 41. a3 Kd5 42. c6 Kxc6 43. Bf6 1/2-1/2

[Event "World Team Championship"]
[Site "Ningbo CHN"]
[Date "2011.07.26"]
[Round "9"]
[White "Sargissian, Gabriel"]
[Black "Moiseenko, Alexander"]
[Result "1/2-1/2"]
[WhiteElo "2663"]
[BlackElo "2715"]
[PlyCount "74"]
[EventDate "2011.07.17"]

1. d4 Nf6 2. c4 e6 3. Nf3 Bb4+ 4. Bd2 a5 5. g3 d6 6. Bg2 Nbd7 7. O-O e5 8. Nc3
O-O 9. dxe5 Nxe5 10. Nxe5 dxe5 11. a3 Bc5 12. Qc2 c6 13. Rfd1 Qe7 14. Na4 Be6
15. Nxc5 Qxc5 16. Rac1 Rfd8 17. Be3 Rxd1+ 18. Qxd1 Qe7 19. a4 Qb4 20. b3 Nd7
21. Be4 Nf6 22. Bc2 Ng4 23. Bd2 Qe7 24. Qe1 b6 25. Rd1 Rd8 26. Bc3 c5 27. Rxd8+
Qxd8 28. h3 Nf6 29. Bxe5 Bxh3 30. Qd1 Qxd1+ 31. Bxd1 Nd7 32. Bc7 Kf8 33. Bc2
Ke7 34. Be4 g6 35. f3 Be6 36. g4 h5 37. gxh5 gxh5 1/2-1/2

[Event "World Team Championship"]
[Site "Ningbo CHN"]
[Date "2011.07.26"]
[Round "9"]
[White "Sutovsky, Emil"]
[Black "Kamsky, Gata"]
[Result "1/2-1/2"]
[WhiteElo "2700"]
[BlackElo "2741"]
[PlyCount "59"]
[EventDate "2011.07.17"]

1. e4 e5 2. Nf3 Nc6 3. Bb5 a6 4. Ba4 Nf6 5. O-O Be7 6. Re1 b5 7. Bb3 d6 8. c3
O-O 9. d4 Bg4 10. Be3 exd4 11. cxd4 Na5 12. Bc2 c5 13. h3 cxd4 14. Bxd4 Bh5 15.
Nc3 Rc8 16. Rc1 Re8 17. Nd5 Nd7 18. e5 dxe5 19. Bxe5 Bf8 20. Bc7 Rxe1+ 21. Qxe1
Rxc7 22. Qxa5 Rc8 23. Qxd8 Rxd8 24. g4 Bg6 25. Bxg6 hxg6 26. Rc7 Bd6 27. Ra7
Nc5 28. b4 Bb8 29. Re7 Ne6 30. Rb7 1/2-1/2

[Event "British Championship 2011"]
[Site "Sheffield,"]
[Date "2011.07.26"]
[Round "2"]
[White "Hawkins, Jonathan"]
[Black "Adams, Michael"]
[Result "1/2-1/2"]
[WhiteElo "2457"]
[BlackElo "2715"]
[PlyCount "48"]
[EventDate "2011.??.??"]
[SourceDate "2011.07.26"]

1. d4 Nf6 2. Nf3 e6 3. c4 d5 4. Nc3 Bb4 5. Bg5 h6 6. Bxf6 Qxf6 7. e3 O-O 8. Rc1
dxc4 9. Bxc4 c5 10. O-O cxd4 11. Nxd4 Bd7 12. Qb3 Nc6 13. Nxc6 Bxc3 14. Qxc3
Bxc6 15. Qxf6 gxf6 16. Rfd1 Rfd8 17. f3 Kf8 18. Kf2 f5 19. h3 Ke7 20. g4 Kf6
21. Bd3 Rd5 22. Bc4 Rdd8 23. Bd3 Rd5 24. Bc4 Rdd8 1/2-1/2

[Event "44th Biel Chess Festival"]
[Site "Biel SUI"]
[Date "2011.07.26"]
[Round "7"]
[White "Shirov, Alexei"]
[Black "Carlsen, Magnus"]
[Result "0-1"]
[WhiteElo "2714"]
[BlackElo "2821"]
[PlyCount "119"]
[EventDate "2011.07.18"]

1. e4 e5 2. Nf3 Nc6 3. Bb5 Nf6 4. d3 Bc5 5. c3 O-O 6. Bg5 h6 7. Bh4 Be7 8. Nbd2
d6 9. Nf1 Nb8 10. Ne3 Ng4 11. Bg3 Nxe3 12. fxe3 Nd7 13. d4 Nf6 14. Bd3 Ng4 15.
Qe2 Bg5 16. dxe5 dxe5 17. Bxe5 Bh4+ 18. g3 Nxe5 19. Nxe5 Bf6 20. Nf3 Qe7 21.
O-O-O c6 22. Nd4 a6 23. Rhf1 c5 24. Nf5 Bxf5 25. Rxf5 b5 26. Bc2 c4 27. Rfd5
Be5 28. Qh5 Rae8 29. a3 Qa7 30. Kd2 Qb8 31. Ke2 Re6 32. Qh4 Qb6 33. Rd8 Ree8
34. Rxe8 Rxe8 35. Rd5 Qc7 36. a4 Qb6 37. axb5 axb5 38. Qh5 Qb8 39. Rd7 g6 40.
Qf3 Rf8 41. Kf2 b4 42. Qe2 bxc3 43. bxc3 Qc8 44. Qd2 Bxc3 45. Qd5 Qa6 46. e5
Qa2 47. Qe4 Bxe5 48. h4 Re8 49. Kg2 h5 50. Kh3 c3 51. Rd5 Qa6 52. Bd3 Qc8+ 53.
Kg2 Bg7 54. Rc5 Qd7 55. Qc4 Rxe3 56. Rc7 Rxg3+ 57. Kxg3 Be5+ 58. Kf2 Qxc7 59.
Qxc7 Bxc7 60. Kf3 0-1

[Event "44th Biel Chess Festival"]
[Site "Biel SUI"]
[Date "2011.07.26"]
[Round "7"]
[White "Pelletier, Yannick"]
[Black "Caruana, Fabiano"]
[Result "0-1"]
[WhiteElo "2590"]
[BlackElo "2711"]
[PlyCount "132"]
[EventDate "2011.07.18"]

1. d4 Nf6 2. c4 g6 3. Nc3 d5 4. cxd5 Nxd5 5. e4 Nxc3 6. bxc3 Bg7 7. Nf3 c5 8.
Rb1 O-O 9. Be2 Nc6 10. d5 Ne5 11. Nxe5 Bxe5 12. Qd2 e6 13. f4 Bc7 14. O-O exd5
15. exd5 Ba5 16. d6 Rb8 17. Bb2 b5 18. Rbd1 Bd7 19. Bf3 c4 20. Kh1 Bf5 21. Qd4
Bb6 22. Qd5 Be6 23. Qe5 Qd7 24. Ba3 Rfe8 25. Rfe1 Bf2 26. Rf1 Bb6 27. Rfe1 Bf2
28. Rf1 Bf5 29. Qf6 Be3 30. Bd5 Be4 31. Bxe4 Rxe4 32. f5 Rbe8 33. h3 Bh6 34.
Bb4 Bg7 35. Qg5 h6 36. Qd2 gxf5 37. Qf2 f4 38. Qc5 Be5 39. Qd5 Re3 40. a4 bxa4
41. Qxc4 a5 42. Bxa5 Kh8 43. Rd3 Rxd3 44. Qxd3 Qxd6 45. Qxd6 Bxd6 46. Bb4 Bc7
47. Ra1 Ra8 48. Kg1 Kg7 49. Kf2 Kf6 50. Ke2 Ke5 51. Kd3 Kd5 52. Rd1 Be5 53.
Kc2+ Kc4 54. Re1 f6 55. Re4+ Kb5 56. Kb2 Rg8 57. Re2 Rg3 58. Rf2 h5 59. Ka2 Re3
60. Kb2 Re1 61. Ka2 Kc4 62. Ka3 Ra1+ 63. Kb2 Rd1 64. Ka3 Re1 65. Ba5 Kd3 66.
Kxa4 Re2 0-1

[Event "44th Biel Chess Festival"]
[Site "Biel SUI"]
[Date "2011.07.26"]
[Round "7"]
[White "Morozevich, Alexander"]
[Black "Vachier-Lagrave, Maxime"]
[Result "1-0"]
[WhiteElo "2694"]
[BlackElo "2722"]
[PlyCount "85"]
[EventDate "2011.07.18"]

1. d4 Nf6 2. c4 g6 3. Nc3 d5 4. Nf3 Bg7 5. Qb3 dxc4 6. Qxc4 O-O 7. e4 Nc6 8.
Be2 e5 9. d5 Nd4 10. Nxd4 exd4 11. Qxd4 c6 12. d6 Re8 13. Qd3 b5 14. f3 b4 15.
Nd1 Re6 16. Qc2 Nh5 17. Be3 Be5 18. g3 Rxd6 19. Qc5 Bd4 20. Bxd4 Rxd4 21. Ne3
Be6 22. Nc2 Rd2 23. Nxb4 Rxb2 24. Qc3 Rxb4 25. Qxb4 Rb8 26. Qc3 Qb6 27. a3 Bh3
28. Bf1 Be6 29. Rd1 Qc7 30. Kf2 Rb3 31. Qd4 Rxa3 32. Qd8+ Qxd8 33. Rxd8+ Kg7
34. Be2 Nf6 35. Rc1 Ra2 36. Ke3 a5 37. Rd2 Ra3+ 38. Rd3 Ra2 39. Rxc6 a4 40.
Rcc3 Nd7 41. Ra3 Rb2 42. Rd2 Rb4 43. Rd4 1-0

[Event "39th Dortmund Chess Meeting"]
[Site "Dortmund GER"]
[Date "2011.07.27"]
[Round "6"]
[White "Ponomariov, Ruslan"]
[Black "Kramnik, Vladimir"]
[Result "1/2-1/2"]
[WhiteElo "2764"]
[BlackElo "2781"]
[PlyCount "100"]
[EventDate "2011.07.21"]

1. e4 e5 2. Nf3 Nc6 3. Bb5 Nf6 4. d3 Bc5 5. O-O Nd4 6. Nxd4 Bxd4 7. Nd2 c6 8.
Ba4 d6 9. c3 Bb6 10. Nc4 Bc7 11. Bb3 O-O 12. Bg5 h6 13. Bh4 g5 14. Bg3 Bg4 15.
f3 Be6 16. Re1 Nh5 17. Bf2 Nf4 18. d4 exd4 19. cxd4 d5 20. exd5 Bxd5 21. Qc2 g4
22. Nd2 Qg5 23. Ne4 Qg6 24. Bxd5 Nxd5 25. Qb3 Rae8 26. Ng3 h5 27. fxg4 hxg4 28.
Rxe8 Rxe8 29. Qxb7 Rb8 30. Qxa7 Rxb2 31. Rf1 Qc2 32. Qc5 Rxa2 33. Qxc2 Rxc2 34.
Nf5 Kh7 35. g3 Bb6 36. Re1 Bd8 37. Ne3 Nxe3 38. Rxe3 Kg6 39. Re4 Bg5 40. Kf1 f6
41. d5 cxd5 42. Rxg4 Kf5 43. Rd4 Ke5 44. Rd1 Ke4 45. Rd4+ Kf3 46. Rd3+ Ke4 47.
Rd4+ Ke5 48. Rd1 Ke4 49. Rd4+ Kf3 50. Rd3+ Ke4 1/2-1/2

[Event "39th Dortmund Chess Meeting"]
[Site "Dortmund GER"]
[Date "2011.07.27"]
[Round "6"]
[White "Le Quang Liem"]
[Black "Meier, Georg"]
[Result "1/2-1/2"]
[WhiteElo "2715"]
[BlackElo "2656"]
[PlyCount "75"]
[EventDate "2011.07.21"]

1. d4 Nf6 2. c4 e6 3. Nf3 d5 4. Nc3 dxc4 5. Qa4+ c6 6. Qxc4 b5 7. Qd3 a6 8. e4
c5 9. e5 Nd5 10. Bg5 Qb6 11. Nxd5 exd5 12. dxc5 Bxc5 13. Qc2 Nc6 14. Rc1 Bb4+
15. Bd2 Nd4 16. Nxd4 Qxd4 17. Bxb4 Qxb4+ 18. Qc3 Qe4+ 19. Be2 O-O 20. f3 Qh4+
21. g3 Qh6 22. Kf2 Be6 23. Qd4 Rac8 24. Rc3 Rxc3 25. bxc3 Rc8 26. h4 f6 27. a4
bxa4 28. Ra1 fxe5 29. Qxe5 Bf7 30. Qd4 Qc6 31. Rxa4 Qxc3 32. Qxc3 Rxc3 33. Rxa6
Kf8 34. Ra8+ Ke7 35. Ra7+ Kf8 36. Ra8+ Ke7 37. Ra7+ Kf8 38. Ra8+ 1/2-1/2

[Event "Lake Sevan 2011"]
[Site "?"]
[Date "2011.07.27"]
[Round "6"]
[White "Jobava, Baadur"]
[Black "Petrosian, Tigran L"]
[Result "1-0"]
[WhiteElo "2713"]
[BlackElo "2636"]
[PlyCount "113"]
[EventDate "2011.??.??"]

1. e4 e5 2. Nf3 Nc6 3. Bb5 Nf6 4. Qe2 Bc5 5. d3 Nd4 6. Nxd4 Bxd4 7. O-O a6 8.
Bc4 d6 9. h3 Qe7 10. Nc3 h6 11. Bb3 c6 12. Be3 Bxe3 13. Qxe3 Nh5 14. Ne2 O-O
15. g4 Nf6 16. f4 exf4 17. Nxf4 Kh7 18. c3 Be6 19. Bxe6 fxe6 20. e5 dxe5 21.
Qxe5 Rae8 22. Rae1 Nd5 23. Qe4+ Kg8 24. Qxe6+ Qxe6 25. Nxe6 Rxf1+ 26. Kxf1 b6
27. Re4 c5 28. Nxg7 Rxe4 29. dxe4 Nf4 30. Nf5 Nxh3 31. Nxh6+ Kg7 32. Nf5+ Kf6
33. Ke2 Kg5 34. Kf3 Ng1+ 35. Kf2 Nh3+ 36. Kg3 Nf4 37. e5 c4 38. Nd4 Nd3 39.
Ne6+ Kh6 40. g5+ Kg6 41. Nf4+ Kxg5 42. Nxd3 cxd3 43. Kf3 Kf5 44. Ke3 Kxe5 45.
Kxd3 Kd5 46. c4+ Kc5 47. Kc3 a5 48. a4 Kd6 49. Kd4 Kc6 50. c5 bxc5+ 51. Kc4 Kd6
52. Kb5 Kd5 53. Kxa5 Kc6 54. b3 c4 55. bxc4 Kc5 56. Ka6 Kc6 57. a5 1-0

[Event "British Championship 2011"]
[Site "Sheffield,"]
[Date "2011.07.27"]
[Round "3"]
[White "Adams, Michael"]
[Black "Gormally, Daniel"]
[Result "1-0"]
[WhiteElo "2519"]
[BlackElo "2715"]
[PlyCount "49"]
[EventDate "2011.??.??"]
[SourceDate "2011.07.28"]

1. e4 c5 2. Nf3 d6 3. d4 cxd4 4. Nxd4 Nf6 5. Nc3 a6 6. Bc4 e6 7. Bb3 b5 8. O-O
Be7 9. Qf3 Qb6 10. Be3 Qb7 11. Qg3 b4 12. Na4 Nbd7 13. f3 O-O 14. a3 bxa3 15.
Rxa3 Nc5 16. Ne2 Nxa4 17. Bxa4 Bd7 18. Rb3 Qc8 19. Bxd7 Qxd7 20. Bh6 Ne8 21.
Rd1 Rc8 22. Rd2 Kh8 23. Bg5 Nf6 24. e5 Qa7+ 25. Be3 1-0

[Event "Lake Sevan 2011"]
[Site "?"]
[Date "2011.07.28"]
[Round "7"]
[White "Melkumyan, Hrant"]
[Black "Jobava, Baadur"]
[Result "0-1"]
[WhiteElo "2600"]
[BlackElo "2713"]
[PlyCount "84"]
[EventDate "2011.??.??"]

1. d4 Nf6 2. c4 e6 3. Nf3 c5 4. d5 exd5 5. cxd5 g6 6. Nc3 Bg7 7. h3 O-O 8. Bf4
d6 9. e3 Na6 10. Be2 Nc7 11. O-O Rb8 12. a4 a6 13. a5 b5 14. axb6 Rxb6 15. Ra2
Ncxd5 16. Bg5 Nxc3 17. bxc3 h6 18. Bxf6 Qxf6 19. Ra3 Rd8 20. Qc2 d5 21. Rd1 Bf5
22. Qa2 Be6 23. Qa1 Rdb8 24. Ne1 Rb2 25. Bf3 c4 26. Rc1 Qh4 27. g3 Qxh3 28.
Rxa6 Bxc3 29. Rxc3 Rb1 30. Rc2 Rxa1 31. Rxa1 Qf5 32. Rac1 Qf6 33. Rd2 Rb2 34.
Rd4 g5 35. g4 h5 36. gxh5 g4 37. Rf4 Qg5 38. Bd1 g3 39. Nc2 Bh3 40. Bf3 d4 41.
fxg3 d3 42. Kf2 Qxf4 0-1

[Event "39th Dortmund Chess Meeting"]
[Site "Dortmund GER"]
[Date "2011.07.28"]
[Round "7"]
[White "Giri, Anish"]
[Black "Ponomariov, Ruslan"]
[Result "1-0"]
[WhiteElo "2701"]
[BlackElo "2764"]
[PlyCount "123"]
[EventDate "2011.07.21"]

1. d4 Nf6 2. c4 e6 3. Nf3 d5 4. Nc3 Be7 5. Bf4 O-O 6. e3 Nbd7 7. a3 c5 8. cxd5
Nxd5 9. Nxd5 exd5 10. dxc5 Nxc5 11. Be5 Bg4 12. Be2 Bxf3 13. Bxf3 Bf6 14. Bxf6
Qxf6 15. Qc2 Rac8 16. Bxd5 Rfd8 17. Rd1 Qe5 18. Qc4 b5 19. Qa2 Rd7 20. O-O Na4
21. Bb3 Rdc7 22. Rd4 Nb6 23. Rfd1 g6 24. Qb1 Kg7 25. g3 Nc4 26. Kg2 Qf6 27.
Bxc4 bxc4 28. Qe4 Re7 29. Qd5 c3 30. bxc3 Rxc3 31. Rf4 Qc6 32. Qxc6 Rxc6 33.
Rdd4 Rc2 34. Rd5 h5 35. Ra5 Rb7 36. h3 Ra2 37. Rfa4 Rbb2 38. Rf4 Rb7 39. g4
hxg4 40. hxg4 Rc7 41. Kg3 Rb2 42. g5 Rb1 43. Kg2 Rb2 44. Rfa4 Rcc2 45. Rf4 Rb7
46. Kg3 Rc1 47. Rd4 Rb2 48. f3 a6 49. Rxa6 Rb5 50. f4 Rb3 51. Re4 Rcc3 52. a4
Rxe3+ 53. Rxe3 Rxe3+ 54. Kf2 Ra3 55. Ra7 Kf8 56. a5 Ke8 57. a6 Kf8 58. Ke2 Ke8
59. Ra8+ Kd7 60. a7 Kc6 61. Rc8+ Kb7 62. Rf8 1-0

[Event "44th Biel Chess Festival"]
[Site "Biel SUI"]
[Date "2011.07.29"]
[Round "10"]
[White "Pelletier, Yannick"]
[Black "Morozevich, Alexander"]
[Result "0-1"]
[WhiteElo "2590"]
[BlackElo "2694"]
[PlyCount "102"]
[EventDate "2011.07.18"]

1. d4 d5 2. Nf3 e6 3. c4 a6 4. cxd5 exd5 5. Nc3 c6 6. Qc2 Bd6 7. Bg5 Ne7 8. e3
f6 9. Bh4 Bf5 10. Bd3 Bxd3 11. Qxd3 Nd7 12. Bg3 Nb6 13. O-O-O Bb4 14. Nd2 O-O
15. Kb1 a5 16. Rhe1 a4 17. a3 Ba5 18. f3 Qd7 19. e4 f5 20. Be5 f4 21. g3 Ng6
22. gxf4 Nxf4 23. Qc2 Ng6 24. Bg3 dxe4 25. Rxe4 Bxc3 26. Qxc3 Nd5 27. Qc2 b5
28. Be5 Rae8 29. Rde1 Nxe5 30. Rxe5 h6 31. Rc1 Rxe5 32. dxe5 Ne7 33. Ne4 Qd5
34. Nc5 Rf4 35. Rd1 Rd4 36. Rxd4 Qxd4 37. Nd3 Qe3 38. f4 Qe4 39. Ka1 Nd5 40.
Qd2 Kh7 41. Qd1 Kg8 42. Qd2 Ne3 43. Qc3 Nf5 44. Nc5 Qxf4 45. Ne6 Qf1+ 46. Ka2
Ne7 47. Qd4 Nd5 48. Nd8 Qh3 49. e6 b4 50. Qd1 Qxh2 51. Qc1 bxa3 0-1

[Event "44th Biel Chess Festival"]
[Site "Biel SUI"]
[Date "2011.07.29"]
[Round "10"]
[White "Vachier-Lagrave, Maxime"]
[Black "Shirov, Alexei"]
[Result "1/2-1/2"]
[WhiteElo "2722"]
[BlackElo "2714"]
[PlyCount "41"]
[EventDate "2011.07.18"]

1. d4 d5 2. c4 c6 3. Nf3 Nf6 4. Nc3 e6 5. g3 dxc4 6. Bg2 b5 7. Ne5 a6 8. O-O
Bb7 9. a4 Be7 10. axb5 axb5 11. Rxa8 Bxa8 12. Bf4 Nd5 13. Qa1 Bb7 14. Qa7 Qc8
15. Nxc4 Nxf4 16. Nb6 Nxe2+ 17. Nxe2 Qc7 18. Na8 Qc8 19. Nb6 Qc7 20. Na8 Qc8
21. Nb6 1/2-1/2

[Event "39th Dortmund Chess Meeting"]
[Site "Dortmund GER"]
[Date "2011.07.29"]
[Round "8"]
[White "Meier, Georg"]
[Black "Giri, Anish"]
[Result "1/2-1/2"]
[WhiteElo "2656"]
[BlackElo "2701"]
[PlyCount "138"]
[EventDate "2011.07.21"]

1. Nf3 d5 2. d4 Nf6 3. c4 e6 4. g3 dxc4 5. Bg2 a6 6. O-O Nc6 7. e3 Rb8 8. Qe2
b5 9. b3 cxb3 10. axb3 Nb4 11. Ne5 Nd7 12. Nc6 Nxc6 13. Bxc6 Rb6 14. Qf3 Bb4
15. Bd2 Bxd2 16. Nxd2 O-O 17. Bxd7 Qxd7 18. Ne4 Qd5 19. Qf4 f6 20. Nc5 e5 21.
Qh4 exd4 22. exd4 g5 23. Qe4 Qxe4 24. Nxe4 Re8 25. f3 h6 26. Rfe1 Kf7 27. Kf2
f5 28. Nc5 Rd8 29. Ke3 Rbd6 30. Red1 f4+ 31. gxf4 gxf4+ 32. Kxf4 Rxd4+ 33. Rxd4
Rxd4+ 34. Ke5 Rd6 35. b4 Ke7 36. Rg1 Kf7 37. Rc1 Ke7 38. Rg1 Kf7 39. Rc1 Rc6
40. f4 Rf6 41. Ra1 Ke7 42. Rg1 Kf7 43. Ra1 Rd6 44. Rc1 Rd8 45. f5 c6 46. Ne6
Rd5+ 47. Ke4 Bxe6 48. fxe6+ Kxe6 49. Rxc6+ Rd6 50. Rc7 Kf6 51. h4 Kg6 52. Rc5
Rd1 53. Rc6+ Kh5 54. Rxa6 Rb1 55. Rb6 Rxb4+ 56. Kf3 Rb3+ 57. Ke2 Rb2+ 58. Ke3
Rb1 59. Ke2 b4 60. Kf2 b3 61. Kg3 Rb2 62. Kh3 Rb1 63. Kg3 b2 64. Rb5+ Kg6 65.
h5+ Kf6 66. Kg2 Ke6 67. Kh2 Kf6 68. Kg2 Ke6 69. Kh2 Kf6 1/2-1/2

[Event "39th Dortmund Chess Meeting"]
[Site "Dortmund GER"]
[Date "2011.07.29"]
[Round "8"]
[White "Le Quang Liem"]
[Black "Kramnik, Vladimir"]
[Result "1/2-1/2"]
[WhiteElo "2715"]
[BlackElo "2781"]
[PlyCount "112"]
[EventDate "2011.07.21"]

1. d4 Nf6 2. c4 e6 3. Nf3 d5 4. e3 Be7 5. b3 O-O 6. Bb2 c5 7. Bd3 cxd4 8. exd4
Nc6 9. O-O b6 10. Nbd2 Bb7 11. Rc1 Rc8 12. Qe2 Re8 13. Rfd1 Bf8 14. Nf1 g6 15.
Ne3 Bg7 16. c5 Nd7 17. Bb5 a6 18. Bxc6 Bxc6 19. b4 Ba4 20. Re1 Nb8 21. Ne5 bxc5
22. dxc5 f6 23. Nf3 Nc6 24. Qd3 Rb8 25. Qa3 Bb5 26. Qb3 a5 27. a4 Bc4 28. Nxc4
Rxb4 29. Qa2 dxc4 30. Bc3 Rb3 31. Nd2 Nb4 32. Bxb4 Rxb4 33. Nxc4 Qd5 34. Red1
Qc6 35. Nxa5 Qxa4 36. Qxa4 Rxa4 37. Nb7 Bh6 38. Rc2 Bf4 39. g3 Bc7 40. Rd7 Rc8
41. Rcd2 e5 42. Re7 Rd4 43. Ra2 e4 44. Ra7 Bb8 45. Ra8 Rf8 46. Na5 Ra4 47. Kg2
f5 48. c6 Bd6 49. Rxf8+ Kxf8 50. c7 Bxc7 51. Rxc7 Rxa5 52. Rxh7 Ra2 53. Kg1
Ra1+ 54. Kg2 Ra2 55. Kg1 Ra1+ 56. Kg2 Ra2 1/2-1/2

[Event "British Championship 2011"]
[Site "Sheffield,"]
[Date "2011.07.29"]
[Round "5"]
[White "Adams, Michael"]
[Black "Jones, Gawain"]
[Result "1/2-1/2"]
[WhiteElo "2715"]
[BlackElo "2606"]
[PlyCount "84"]
[EventDate "2011.??.??"]
[SourceDate "2011.07.30"]

1. e4 c5 2. Nf3 d6 3. d4 cxd4 4. Nxd4 Nf6 5. Nc3 g6 6. Be3 Bg7 7. f3 O-O 8. Qd2
Nc6 9. O-O-O d5 10. exd5 Nxd5 11. Nxc6 bxc6 12. Bd4 Bxd4 13. Qxd4 Qb6 14. Na4
Qa5 15. b3 Be6 16. Bc4 Rfd8 17. Qc5 Qc7 18. Kb1 Nf4 19. g3 Bxc4 20. Qxc4 Nd5
21. Rhe1 Nb6 22. Qe4 Nxa4 23. Qxa4 e6 24. Qe4 Rd5 25. c4 Rd7 26. Rxd7 Qxd7 27.
Kc2 Rd8 28. Qe2 e5 29. Rd1 Qxd1+ 30. Qxd1 Rxd1 31. Kxd1 c5 32. a3 a5 33. b4
cxb4 34. axb4 axb4 35. c5 Kf8 36. Kc2 Ke7 37. Kb3 Kd7 38. Kxb4 Kc6 39. Kc4 h6
40. f4 e4 41. Kd4 f5 42. Kc4 e3 1/2-1/2

[Event "Lake Sevan 2011"]
[Site "?"]
[Date "2011.07.29"]
[Round "8"]
[White "Andriasian, Zaven"]
[Black "Jobava, Baadur"]
[Result "1/2-1/2"]
[WhiteElo "2616"]
[BlackElo "2713"]
[PlyCount "54"]
[EventDate "2011.??.??"]

1. e4 c6 2. d4 d5 3. Nc3 dxe4 4. Nxe4 Bf5 5. Ng3 Bg6 6. h4 h6 7. Nf3 Nd7 8. h5
Bh7 9. Bd3 Bxd3 10. Qxd3 e6 11. Bf4 Ngf6 12. O-O-O Be7 13. Kb1 Qa5 14. Ne5 O-O
15. Ne4 Nxe5 16. Bxe5 Ng4 17. Qg3 Nxe5 18. dxe5 Rfd8 19. f4 Rxd1+ 20. Rxd1 Rd8
21. Rxd8+ Qxd8 22. Qf3 Qd5 23. a3 b5 24. c3 a5 25. Kc2 a4 26. Qd3 Qb3+ 27. Kc1
Qd5 1/2-1/2

[Event "Lake Sevan 2011"]
[Site "?"]
[Date "2011.07.30"]
[Round "9"]
[White "Jobava, Baadur"]
[Black "Grigoryan, Avetik"]
[Result "1/2-1/2"]
[WhiteElo "2713"]
[BlackElo "2608"]
[PlyCount "105"]
[EventDate "2011.??.??"]

1. c4 e5 2. Nc3 Nc6 3. g3 g6 4. Bg2 Bg7 5. d3 d6 6. Rb1 a5 7. a3 Nf6 8. b4 axb4
9. axb4 O-O 10. b5 Ne7 11. e4 Nd7 12. Nge2 Nc5 13. O-O f5 14. exf5 Bxf5 15. Be3
Bxd3 16. Bxb7 Rb8 17. Bxc5 Bxb1 18. Bd5+ Nxd5 19. Qxd5+ Rf7 20. Rxb1 dxc5 21.
Qxc5 Qd3 22. Qd5 Qxd5 23. cxd5 Bf8 24. Ne4 Rf3 25. g4 h6 26. N2g3 Rd3 27. Nf6+
Kg7 28. Nge4 Ba3 29. h4 g5 30. hxg5 hxg5 31. Kg2 Be7 32. Nd7 Rd8 33. Ndc5 Bxc5
34. Nxc5 R3xd5 35. Ne6+ Kf6 36. Nxd8 Rxd8 37. Rc1 e4 38. Rxc7 Rd1 39. Rc5 Rb1
40. Rd5 Rc1 41. Rf5+ Kg6 42. Re5 Rb1 43. Rc5 Kf6 44. Rd5 Rc1 45. Rd6+ Kf7 46.
Rh6 Rb1 47. b6 Kg7 48. Rc6 Kf7 49. Rc7+ Kf6 50. Rb7 Kg6 51. Rb8 Kg7 52. b7 Kh7
53. Kg3 1/2-1/2

[Event "39th Dortmund Chess Meeting"]
[Site "Dortmund GER"]
[Date "2011.07.30"]
[Round "9"]
[White "Giri, Anish"]
[Black "Kramnik, Vladimir"]
[Result "1/2-1/2"]
[WhiteElo "2701"]
[BlackElo "2781"]
[PlyCount "55"]
[EventDate "2011.07.21"]

1. d4 Nf6 2. c4 e6 3. Nf3 d5 4. g3 Bb4+ 5. Bd2 Be7 6. Bg2 O-O 7. O-O Nbd7 8.
Qc2 c6 9. Rd1 b6 10. Bf4 Bb7 11. Ne5 Nxe5 12. dxe5 Nd7 13. cxd5 cxd5 14. e4
dxe4 15. Bxe4 Bxe4 16. Qxe4 Nc5 17. Qf3 Qe8 18. Nc3 Na4 19. Nxa4 Qxa4 20. b3
Qa3 21. Rd7 Bc5 22. Qe2 a5 23. Rad1 a4 24. Bc1 Qb4 25. Bd2 Qa3 26. Bc1 Qb4 27.
Bd2 Qa3 28. Bc1 1/2-1/2

[Event "39th Dortmund Chess Meeting"]
[Site "Dortmund GER"]
[Date "2011.07.30"]
[Round "9"]
[White "Ponomariov, Ruslan"]
[Black "Le Quang Liem"]
[Result "1/2-1/2"]
[WhiteElo "2764"]
[BlackElo "2715"]
[PlyCount "97"]
[EventDate "2011.07.21"]

1. Nf3 c5 2. e4 d6 3. d4 cxd4 4. Nxd4 Nf6 5. Nc3 a6 6. Be2 e6 7. O-O Be7 8. f4
O-O 9. a4 Qc7 10. Kh1 Nc6 11. Be3 Re8 12. Bf3 Na5 13. Bf2 Nd7 14. Bg3 Bf6 15.
Re1 Rb8 16. Qd3 Nc5 17. Qd1 Nd7 18. Qd3 Nc6 19. Nb3 b6 20. Rad1 Be7 21. Qc4 Nc5
22. f5 Ne5 23. Bxe5 dxe5 24. fxe6 Nxe6 25. Be2 Qb7 26. Nd5 Bg5 27. a5 b5 28.
Qc3 Nf4 29. Nc5 Qc6 30. Bf3 b4 31. Nxb4 Qb5 32. Nbd3 Nxd3 33. Nxd3 Be6 34. Nc5
Qxb2 35. Qxb2 Rxb2 36. Nxe6 Rxe6 37. Rb1 Rxb1 38. Rxb1 g6 39. Be2 Bd2 40. Rb6
Bxa5 41. Rxe6 fxe6 42. Bxa6 Bc3 43. g3 Kf7 44. Kg2 g5 45. Kf3 h5 46. g4 h4 47.
Ke2 Ke7 48. Kd3 Bd4 49. h3 1/2-1/2

[Event "British Championship 2011"]
[Site "Sheffield ENG"]
[Date "2011.07.30"]
[Round "6"]
[White "Howell, David W L"]
[Black "Adams, Michael"]
[Result "0-1"]
[WhiteElo "2625"]
[BlackElo "2715"]
[PlyCount "108"]
[EventDate "2011.07.25"]

1. e4 e5 2. Nf3 Nc6 3. d4 exd4 4. Nxd4 Nf6 5. Nxc6 bxc6 6. e5 Qe7 7. Qe2 Nd5 8.
Nd2 g6 9. c4 Ba6 10. Nf3 Qb4+ 11. Kd1 Rb8 12. Qc2 Ne7 13. Qb3 c5 14. Qxb4 cxb4
15. Bd3 Bg7 16. Re1 O-O 17. Kc2 Nc6 18. b3 d5 19. cxd5 Bxd3+ 20. Kxd3 Rfd8 21.
Bf4 Rxd5+ 22. Ke4 Ra5 23. Rac1 Nd8 24. Rxc7 Ne6 25. Rc2 Rd8 26. h4 h5 27. g3
Bf8 28. Ng5 f5+ 29. Ke3 Bc5+ 30. Rxc5 Nxc5 31. Kf3 Kf8 32. Rc1 Ke7 33. Rc4 Nd3
34. Rc6 Nxe5+ 35. Bxe5 Rxe5 36. Rxg6 a5 37. Rg7+ Kf6 38. Rc7 Rd3+ 39. Kf4 Rd4+
40. Kf3 Rd3+ 41. Kf4 Rd4+ 42. Kf3 Red5 43. Rf7+ Ke5 44. Re7+ Kd6 45. Rh7 Rd2
46. Rxh5 Rxa2 47. Rh6+ Kc7 48. h5 a4 49. Rh7+ Rd7 50. Ne6+ Kc6 51. Rxd7 Kxd7
52. Nc5+ Ke7 53. bxa4 Rc2 54. Nd3 b3 0-1

[Event "15th Hogeschool Zeeland"]
[Site "Vlissingen"]
[Date "2011.07.30"]
[Round "1"]
[White "Naiditsch, Arkadij"]
[Black "Garcia Serrano, Jose M"]
[Result "1-0"]
[WhiteElo "2706"]
[BlackElo "1925"]
[PlyCount "57"]
[EventDate "2011.??.??"]

1. e4 e5 2. Nf3 Nc6 3. Bb5 a6 4. Ba4 Nf6 5. d3 b5 6. Bb3 h6 7. a4 Rb8 8. axb5
axb5 9. O-O Bc5 10. c3 Bb6 11. Na3 d6 12. Nxb5 Bg4 13. Ba4 Kf8 14. b4 Ne7 15.
h3 Bd7 16. Na3 c6 17. Nc4 Bc7 18. Re1 g5 19. d4 Ng6 20. Nxd6 g4 21. Nxe5 Bxd6
22. Nxg6+ fxg6 23. e5 gxh3 24. exd6 Bg4 25. Qd3 Bf5 26. Qg3 Be4 27. Qxh3 Qxd6
28. Bxh6+ Kg8 29. Rxe4 1-0

[Event "39th Dortmund Chess Meeting"]
[Site "Dortmund GER"]
[Date "2011.07.31"]
[Round "10"]
[White "Le Quang Liem"]
[Black "Giri, Anish"]
[Result "1/2-1/2"]
[WhiteElo "2715"]
[BlackElo "2701"]
[PlyCount "76"]
[EventDate "2011.07.21"]

1. d4 Nf6 2. c4 e6 3. g3 Bb4+ 4. Bd2 Be7 5. Bg2 d5 6. Nf3 c6 7. Qc2 O-O 8. O-O
Nbd7 9. Rd1 b6 10. b3 Ba6 11. a4 c5 12. Na3 Bb7 13. Qb2 Rc8 14. Rac1 Ne4 15.
Be1 Bf6 16. e3 Qc7 17. Nd2 Nxd2 18. Qxd2 Qb8 19. cxd5 cxd4 20. exd4 Bxd5 21.
Bxd5 exd5 22. Nb5 a6 23. Nc3 Qb7 24. Qe3 Nb8 25. Qf3 Rcd8 26. b4 Bg5 27. Bd2
Bxd2 28. Rxd2 b5 29. axb5 axb5 30. Ra2 Na6 31. Ra5 Nc7 32. Qd3 Ra8 33. Rca1
Rxa5 34. Rxa5 Rb8 35. Ne2 Ne6 36. Nc3 Nc7 37. Ne2 Ne6 38. Nc3 Nc7 1/2-1/2